Laughing Matters Humour in the language classroom

Enregistré dans:
Détails bibliographiques
Auteur principal: Hashemi, Louise
Autres auteurs: Thomas, Barbara
Format: Cassette Livre
Langue:anglais
Publié: Cambridge Cambridge University Press 2003
Édition:1. publ., 3rd printing
Sujets:
Accès en ligne:Voir à l'OPAC
Tags: Ajouter un tag
Pas de tags, Soyez le premier à ajouter un tag!

MARC

LEADER 00000nam a2200000 a 4500
005 20260127134222.0
007 ss
008 050426 2003 enk 000 0 eng d
020 |a 0521665647 
035 |a vtls001561793 
039 9 |y 200504260826  |z mschk03 
040 |a STUSCHK1  |b slo  |c STUSCHK1  |e AACR2 
080 |a 802.0 
100 1 |a Hashemi, Louise 
245 1 |a Laughing Matters  |b Humour in the language classroom 
250 |a 1. publ., 3rd printing 
260 |a Cambridge  |b Cambridge University Press  |c 2003 
650 0 |a angličtina 
700 1 |a Thomas, Barbara 
910 |a SCHK95 
919 |a 0-521-66564-7 
999 |c 6996  |d 6996